logo

Bir Sreshtho Munshi Abdur Rouf Library
Jhenaidah Cadet College

Online computation and competitive analysis / (Record no. 14247)

MARC details
000 -LEADER
fixed length control field 00695nam a2200241 a 4500
001 - CONTROL NUMBER
JCCL Control Number 14247
003 - CONTROL NUMBER IDENTIFIER
JCCL marc code BD-JhCC
005 - DATE AND TIME OF LATEST TRANSACTION
control field 20250224123540.0
008 - FIXED-LENGTH DATA ELEMENTS--GENERAL INFORMATION
fixed length control field 250224b19982005e a|||| ||a| 001 0 eng d
020 ## - INTERNATIONAL STANDARD BOOK NUMBER
International Standard Book Number 0521563925
035 ## - SYSTEM CONTROL NUMBER
system control number (BD-JhCC)14247
040 ## - CATALOGING SOURCE
Original cataloging agency BD-JhCC
Modifying agency BD-JhCC
041 ## - LANGUAGE CODE
Language code of Book english
082 ## - DEWEY DECIMAL CLASSIFICATION NUMBER
Classification number 511.8
Author mark and Year BOR 1998
100 ## - MAIN ENTRY--PERSONAL NAME
Personal name Borodin,Allan
245 ## - TITLE STATEMENT
Title Online computation and competitive analysis /
Statement of responsibility, etc Allan Borodin, Ran El-Yaniv.
260 ## - PUBLICATION, DISTRIBUTION, ETC. (IMPRINT)
Place of publication, distribution, etc London:
Name of publisher, distributor, etc Cambridge University Press;
Date of publication, distribution, etc 1998.
300 ## - PHYSICAL DESCRIPTION
Pagination xviii, 414 p. :
Other physical details ill. ;
Dimensions 25 cm.
650 ## - SUBJECT ADDED ENTRY--TOPICAL TERM
Topical term or geographic name as entry element Mathematical Algorithms & Computational Methods
700 ## - ADDED ENTRY--PERSONAL NAME
Personal name El-Yaniv, Ran
942 ## - ADDED ENTRY ELEMENTS (KOHA)
Source of classification or shelving scheme Dewey Decimal Classification
Koha item type Books
Holdings
Source of classification or shelving scheme Damaged status Not for loan Home library Current library Shelving location Date of accession Source of acquisition Total Checkouts Full call number Barcode Date last seen Copy number Method of acquisition Koha item type Currency
Dewey Decimal Classification     JCC Rouf Library JCC Rouf Library General Stacks   With the compliments of Shahriar Imtiaz Rahman,27/1483/K   511.8 BOR 1998 19895 02/24/2025 C-1 Gift/Donation Books BDT

JCC Library | Contacts | JCC Home

Last Update on 23 September 2017
Copyright @ 2017-2020 JCC Rouf Library
Rouf Library, Jhenidah Cadet College (JCC), Bangladesh